HYDROMAGNETIC STABILITY OF STRATIFIED FLUID / (Record no. 80434)
[ view plain ]
| 000 -LEADER | |
|---|---|
| fixed length control field | 00883nam a2200265 a 4500 |
| 001 - CONTROL NUMBER | |
| RUCL Control Number | 80434 |
| 003 - CONTROL NUMBER IDENTIFIER | |
| rucl marc code | BD-RjUL |
| 005 - DATE AND TIME OF LATEST TRANSACTION | |
| control field | 20230622104024.0 |
| 008 - FIXED-LENGTH DATA ELEMENTS--GENERAL INFORMATION | |
| fixed length control field | 220926s1993 BG ||||| m||| 00| 0 eng d |
| 035 ## - SYSTEM CONTROL NUMBER | |
| system control number | (BD-RjUL)80434 |
| 040 ## - CATALOGING SOURCE | |
| Original cataloging agency | BD-RjUL |
| Language of cataloging | eng |
| Transcribing agency | BD-RjUL |
| Modifying agency | BD-RjUL |
| 041 ## - LANGUAGE CODE | |
| Language code of Book | eng |
| 082 ## - DEWEY DECIMAL CLASSIFICATION NUMBER | |
| DDC Edition number | 23 |
| Classification number | 532.5 |
| Author mark and Year | KHY 1993 |
| 100 ## - MAIN ENTRY--PERSONAL NAME | |
| Personal name | Khatun, Sabira |
| 9 (RLIN) | 5002 |
| 245 10 - TITLE STATEMENT | |
| Title | HYDROMAGNETIC STABILITY OF STRATIFIED FLUID / |
| Statement of responsibility, etc | Sabira Khatun ; |
| Name of Supervisor/Co-Supervisor | Supervisor : Aminul Huqe Beg |
| 260 ## - PUBLICATION, DISTRIBUTION, ETC. (IMPRINT) | |
| Place of publication, distribution, etc | Rajshahi : |
| Name of publisher, distributor, etc | Department of Mathematics, Rajshahi University, |
| Date of publication, distribution, etc | 1993 |
| 300 ## - PHYSICAL DESCRIPTION | |
| Pagination | [12], 134 leaves : |
| Dimensions | 29 cm. |
| 502 ## - DISSERTATION NOTE | |
| Dissertation note | Thesis(Ph.D.) -- Department of Mathematics, R. U.1993 |
| 504 ## - BIBLIOGRAPHY, ETC. NOTE | |
| Bibliography, etc | References : Leaves 129-134 |
| 650 ## - SUBJECT ADDED ENTRY--TOPICAL TERM | |
| Topical term or geographic name as entry element | Magnetohydrodynamics |
| 9 (RLIN) | 5003 |
| Topical term or geographic name as entry element | Fluid Mechanic |
| 9 (RLIN) | 5004 |
| Topical term or geographic name as entry element | Stability |
| 9 (RLIN) | 1121 |
| 700 ## - ADDED ENTRY--SUPERVISOR/CO-SUPERVISOR NAME | |
| Personal name | Beg, Aminul Huqe, Supervisor |
| 9 (RLIN) | 5005 |
| 942 ## - ADDED ENTRY ELEMENTS (KOHA) | |
| Source of classification or shelving scheme | Dewey Decimal Classification |
| Koha item type | Theses |
| Source of classification or shelving scheme | Damaged status | Not for loan | Collection code | Permanent Location | Current Location | Shelving location | Date of accession | Source of acquisition | Total Checkouts | Full call number | Barcode | Date last seen | Copy number | Thesis |
|---|---|---|---|---|---|---|---|---|---|---|---|---|---|---|
| Dewey Decimal Classification | Not For Loan | Theses | Central Library, University of Rajshahi | Central Library, University of Rajshahi | Documentation Section | 05/03/1994 | Controller of Exam. R.U. | THE 532.5 KHY 1993 | D1730 | 26/09/2022 | C-1 | Theses |